| 000 | 01077nam a2200265Ia 4500 | ||
|---|---|---|---|
| 003 | OSt | ||
| 005 | 20221005103827.0 | ||
| 006 | a|||||r|||| 00| 0 | ||
| 007 | ta | ||
| 008 | 221004b |||||||| |||| 00| 0 hin d | ||
| 020 |
_a8178542242 (hbk) _c750 |
||
| 024 | _a122972 | ||
| 037 |
_b190, 22/09/2012, Eastern Book Linkers _cTextual |
||
| 040 |
_aCRL _cCRL _bhin |
||
| 041 |
_2hin _ahin |
||
| 082 | _aO15,1A1:g(A), 152Q2 | ||
| 100 | _aतिवारी, विष्णु नारायण | ||
| 245 | 0 | _aवाल्मीकिरामायण की वैज्ञानिक उपादेयता | |
| 246 | _aVālmīkirāmāyaṇ kī vaijnyānik upādeyatā | ||
| 260 |
_aदिल्ली _bईस्टर्न बुक लिंकर्स भारत _c2012 |
||
| 300 |
_a290पृ0 _ccm. |
||
| 650 | _aसंस्कृत साहित्य | ||
| 942 |
_hO15,1A1:g(A), 152Q2 _cTEXL _2cc |
||
| 999 |
_c1011030 _d1011030 |
||